| 000 | 00392nam a22001217a 4500 | ||
|---|---|---|---|
| 082 | _aPRO 220 | ||
| 100 |
_aNS AQEEL UR REHMAN NS MUHAMMAD YASIR GC WAJAHAT IMAM _970813 |
||
| 245 | _aPR-SOF-1529-MODELING AND SIMULATION OF MULTI AXLE STEERING SYSTEM | ||
| 260 |
_aISLAMABAD _bNUST COLLEGE OF EME _c2016 |
||
| 650 | _aDE-MECH-34 | ||
| 700 |
_aSUPERVISOR DR. RAJA AMER AZIM _970018 |
||
| 942 | _cCR | ||
| 999 |
_c577668 _d577668 |
||